Best Active NBA Power Forwards - Statistics

General Stats
  • This quiz has been taken 47 times
  • The average score is 11 of 15
Answer Stats
Rank Player Team PPG RPG BPG % Correct
#1 Anthony Davis New Orleans Pelicans 24.3 10.3 2.05
98%
#13 Draymond Green Golden State Warriors 13.8 9.6 1.36
90%
#6 Kevin Love Cleveland Cavaliers 15.8 9.9 0.56
90%
#3 Chris Bosh Miami Heat 19.1 7.4 0.64
86%
#4 Dirk Nowitzki Dallas Mavericks 18.5 6.6 0.75
86%
#2 LaMarcus Aldridge San Antonio Spurs 18.0 8.6 1.14
86%
#5 Paul Millsap Atlanta Hawks 17.0 8.7 1.59
79%
#7 Derrick Favors Utah Jazz 16.7 8.3 1.47
69%
#11 Kristaps Porzingis New York Knicks 14.3 7.3 1.86
64%
#9 Zach Randolph Memphis Grizzlies 15.1 8.0 0.20
62%
#15 Nerlens Noel Philadelphia 76ers 11.1 8.0 1.48
60%
#14 Kenneth Faried Denver Nuggets 12.7 8.8 0.88
57%
#12 Julius Randle Los Angeles Lakers 11.6 10.2 0.40
50%
#10 Ryan Anderson New Orleans Pelicans 17.0 6.0 0.38
43%
#8 Thaddeus Young Brooklyn Nets 15.1 9.0 0.51
33%
No matching quizzes found
Score Distribution
Percent of People with Each Score
Percentile by Number Answered
Your Score History
You have not taken this quiz